| 000 | 00425nab a2200145Ia 4500 | ||
|---|---|---|---|
| 003 | ES-SlBCS | ||
| 005 | 20210601131727.0 | ||
| 008 | 140529s1953 xxu||||| |||| 00| 0 fre d | ||
| 041 | _afre | ||
| 100 | 1 |
_aBétoncourt, Jean _9188356 |
|
| 245 | 0 | 0 |
_aLe gouvernement Mayer et l'outre.mer _c Jean Bétoncourt |
| 600 | 1 | 4 |
_aMayer, René _9188277 |
| 773 | 0 |
_tVie Intelectuelle (La) _gnº. 2, 1953, págs. 83-86 _wRev907 |
|
| 942 | _cAR | ||
| 999 |
_c567745 _d567745 |
||